[Event "Caribean-chT Rapid 24th"]
[Site "San Salvador"]
[Date "2023.07.05"]
[Round "14.1"]
[White "Baules Rodriguez, Jorge Luis"]
[Black "Escalona Landi, Samid Eduardo"]
[Result "1/2-1/2"]
[WhiteElo "2343"]
[BlackElo "2233"]
[PlyCount "122"]
[EventDate "2023.07.03"]
[EventType "tourn (rapid)"]
[EventRounds "15"]
[EventCountry "ESA"]
[SourceTitle "CBM 215 Extra"]
[Source "ChessBase"]
[SourceDate "2023.09.30"]
[SourceVersion "1"]
[SourceVersionDate "2023.09.30"]
[SourceQuality "1"]
[WhiteTeam "Panama"]
[BlackTeam "Venezuela"]
[WhiteTeamCountry "PAN"]
[BlackTeamCountry "VEN"]

1. e4 c5 2. Nf3 d6 3. d4 cxd4 4. Nxd4 Nf6 5. Nc3 Nc6 6. Bg5 e6 7. Qd2 a6 8. 0-0-0 Bd7 9. f4 b5 10. Qe1 Nxd4 11. Rxd4 Qb6 12. Bxf6 gxf6 13. Qd2 b4 14. Nd1 a5 15. Ne3 Bc6 16. Nc4 Qc5 17. Nxd6+ Bxd6 18. Rxd6 Bxe4 19. Rd4 Bd5 20. Kb1 Ke7 21. Be2 Rhd8 22. Rd1 Rd6 23. Rd3 Rad8 24. g3 Qf2 25. Bf1 Qc5 26. Ka1 Rc6 27. c3 Rdc8 28. Bg2 Bxg2 29. Qxg2 bxc3 30. Rxc3 Qb6 31. Rxc6 Qxc6 32. Qd2 Qc5 33. a3 Kf8 34. Kb1 Kg7 35. Rc1 Qf5+ 36. Ka1 Rxc1+ 37. Qxc1 Qd3 38. Qc3 Qd1+ 39. Ka2 a4 40. b3 Qe2+ 41. Qb2 axb3+ 42. Kxb3 Qb5+ 43. Kc3 Qc5+ 44. Kd3 Qd5+ 45. Kc2 Qc4+ 46. Qc3 Qe2+ 47. Qd2 Qc4+ 48. Kb2 Qb5+ 49. Ka2 Qc4+ 50. Ka1 Qb3 51. Qb2 Qd1+ 52. Ka2 Qd5+ 53. Qb3 Qd2+ 54. Qb2 Qd1 55. Qb3 Qe2+ 56. Qb2 Qe4 57. Qb3 e5 58. a4 Qe1 59. fxe5 fxe5 60. Qb5 Qd2+ 61. Qb2 Qd5+ 1/2-1/2

[Event "Caribean-chT Rapid 24th"]
[Site "San Salvador"]
[Date "2023.07.05"]
[Round "11.1"]
[White "Escalona Landi, Samid Eduardo"]
[Black "Araujo Sanchez, Josue"]
[Result "1/2-1/2"]
[WhiteElo "2233"]
[BlackElo "2237"]
[PlyCount "114"]
[EventDate "2023.07.03"]
[EventType "tourn (rapid)"]
[EventRounds "15"]
[EventCountry "ESA"]
[SourceTitle "CBM 215 Extra"]
[Source "ChessBase"]
[SourceDate "2023.09.30"]
[SourceVersion "1"]
[SourceVersionDate "2023.09.30"]
[SourceQuality "1"]
[WhiteTeam "Venezuela"]
[BlackTeam "Dominican Republic"]
[WhiteTeamCountry "VEN"]
[BlackTeamCountry "DOM"]

1. e4 c6 2. d4 d5 3. exd5 cxd5 4. Bd3 Nc6 5. c3 Qc7 6. h3 g6 7. Nf3 Bf5 8. Be2 Bg7 9. 0-0 Nf6 10. Re1 0-0 11. Na3 Rfe8 12. Nc2 Bxc2 13. Qxc2 Rac8 14. Be3 Ne4 15. Qb3 e6 16. Ng5 Na5 17. Qa4 Nxg5 18. Bxg5 a6 19. Bh4 b5 20. Qd1 Nc4 21. Rb1 Qb6 22. a3 a5 23. Bg3 b4 24. axb4 axb4 25. Bd3 bxc3 26. bxc3 Qa5 27. Rb3 Rc6 28. Bxc4 Rxc4 29. Bd6 Bf8 30. Bxf8 Rxf8 31. Re3 Ra4 32. Qf3 Ra1+ 33. Kh2 Qc7+ 34. g3 Kg7 35. h4 h5 36. Rb5 Rfa8 37. Rc5 Qd6 38. Re2 Qb6 39. c4 R8a3 40. Re3 Rxe3 41. Qxe3 Qb1 42. Qf3 Qg1+ 43. Kh3 Qf1+ 44. Qg2 Qd3 45. cxd5 Qxd4 46. Rc7 Qe5 47. Rd7 Qf5+ 48. Kh2 e5 49. Re7 Ra2 50. Kg1 Rd2 51. Rb7 e4 52. Re7 Rd1+ 53. Kh2 Rd4 54. d6 Qd5 55. d7 Qd6 56. Rxe4 Rxe4 57. Qxe4 Qxd7 1/2-1/2

[Event "Caribean-chT Rapid 24th"]
[Site "San Salvador"]
[Date "2023.07.04"]
[Round "7.1"]
[White "Gabriel, Davidson"]
[Black "Escalona Landi, Samid Eduardo"]
[Result "0-1"]
[WhiteElo "2009"]
[BlackElo "2233"]
[PlyCount "92"]
[EventDate "2023.07.03"]
[EventType "tourn (rapid)"]
[EventRounds "15"]
[EventCountry "ESA"]
[SourceTitle "CBM 215 Extra"]
[Source "ChessBase"]
[SourceDate "2023.09.30"]
[SourceVersion "1"]
[SourceVersionDate "2023.09.30"]
[SourceQuality "1"]
[WhiteTeam "Haiti"]
[BlackTeam "Venezuela"]
[WhiteTeamCountry "HAI"]
[BlackTeamCountry "VEN"]

1. e4 c5 2. Nf3 d6 3. Bb5+ Nc6 4. 0-0 Bd7 5. Re1 a6 6. Bf1 Bg4 7. h3 Bxf3 8. Qxf3 g6 9. c3 Bg7 10. d3 Nf6 11. a4 0-0 12. Be3 Nd7 13. Nd2 b5 14. Qd1 b4 15. Qc2 Rb8 16. Red1 bxc3 17. bxc3 Qa5 18. Ra3 Rfc8 19. Nc4 Qc7 20. a5 Nce5 21. Nxe5 Nxe5 22. Qa2 Nc6 23. d4 cxd4 24. cxd4 Nb4 25. Qe2 Nc2 26. Ra2 Nb4 27. Raa1 Qb7 28. Qf3 Nc2 29. Rac1 Rc3 30. Rxc2 Rxc2 31. Bd3 Ra2 32. Bc4 Rxa5 33. Qxf7+ Kh8 34. Bd5 Qd7 35. Bg5 Ra4 36. Qxe7 Qxe7 37. Bxe7 Rxd4 38. Rc1 Rdb4 39. Rc6 R4b6 40. Rc7 a5 41. Ra7 Rb1+ 42. Kh2 Be5+ 43. g3 R1b2 44. Rxa5 Rxf2+ 45. Kg1 Rf3 46. Bh4 Ra8 0-1

[Event "Titled Tuesday intern op 28th Mar Late"]
[Site "Chess.com INT"]
[Date "2023.03.28"]
[Round "3"]
[White "Escalona Landi, Samid Eduardo"]
[Black "Minko, Dmitry"]
[Result "1-0"]
[WhiteElo "2218"]
[BlackElo "2247"]
[PlyCount "107"]
[EventDate "2023.03.28"]
[EventType "swiss (blitz)"]
[EventRounds "11"]
[EventCountry "USA"]
[SourceTitle "EXT 2024"]
[Source "ChessBase"]
[SourceDate "2023.10.10"]
[SourceVersion "1"]
[SourceVersionDate "2023.10.10"]
[SourceQuality "1"]

1. e4 e5 2. Nf3 Nc6 3. d4 exd4 4. Nxd4 Bc5 5. Nb3 Bb4+ 6. Bd2 a5 7. a4 Nf6 8. Nc3 0-0 9. Bd3 Re8 10. 0-0 Bxc3 11. Bxc3 Nxe4 12. Bxe4 Rxe4 13. Nc5 Re8 14. Qg4 f6 15. Rfe1 d6 16. Qc4+ Kh8 17. Rxe8+ Qxe8 18. Re1 Ne5 19. Qf1 Nf3+ 20. gxf3 Qg6+ 21. Qg2 dxc5 22. Qxg6 hxg6 23. Re8+ Kh7 24. h4 b6 25. Re7 Bf5 26. Bxf6 Bxc2 27. Rxg7+ Kh6 28. Rxc7 g5 29. Bxg5+ Kg6 30. Rc6+ Kf5 31. Rxb6 Bxa4 32. Kg2 Be8 33. Kg3 a4 34. Bc1 Bh5 35. Rb5 Rg8+ 36. Bg5 Rc8 37. Ra5 Be8 38. Be3 Rb8 39. Rxc5+ Kg6 40. Rg5+ Kh7 41. Bd4 Bc6 42. Rg7+ Kh6 43. Rc7 Bd5 44. Be3+ Kg6 45. Rc5 Bb3 46. Bg5 Rb6 47. h5+ Kh7 48. Rc7+ Kg8 49. Be3 Rb5 50. Kh4 Rb4+ 51. f4 Rb5 52. Bd4 Bd1 53. Be5 Rxb2 54. Bxb2 1-0

[Event "Titled Tuesday intern op 14th Mar Late"]
[Site "Chess.com INT"]
[Date "2023.03.14"]
[Round "4"]
[White "Escalona Landi, Samid Eduardo"]
[Black "Heinemann, Josefine"]
[Result "1-0"]
[WhiteElo "2218"]
[BlackElo "2343"]
[PlyCount "75"]
[EventDate "2023.03.14"]
[EventType "swiss (blitz)"]
[EventRounds "11"]
[EventCountry "USA"]
[SourceTitle "EXT 2024"]
[Source "ChessBase"]
[SourceDate "2023.10.10"]
[SourceVersion "1"]
[SourceVersionDate "2023.10.10"]
[SourceQuality "1"]

1. Nf3 d5 2. c4 e6 3. b3 Nf6 4. Bb2 Be7 5. g3 0-0 6. Bg2 c5 7. 0-0 d4 8. e3 Nc6 9. exd4 cxd4 10. Re1 Re8 11. d3 Bb4 12. Nbd2 a5 13. a3 Bf8 14. Ne5 Nxe5 15. Rxe5 Bd6 16. Re1 e5 17. Qc2 Qc7 18. Rab1 Bf5 19. Bc1 Rac8 20. b4 axb4 21. axb4 b6 22. Qb3 h6 23. Ba3 Re6 24. b5 Bxa3 25. Qxa3 Rce8 26. Nf3 R6e7 27. Rbc1 Nd7 28. Nxd4 Bg6 29. Nc6 Re6 30. Bd5 Rf6 31. d4 Kh7 32. dxe5 Nxe5 33. f4 Nxc6 34. Rxe8 Nd4 35. Qf8 Bd3 36. Qh8+ Kg6 37. Rg8 Ne2+ 38. Kh1 1-0

[Event "Titled Tuesday intern op 14th Mar Late"]
[Site "Chess.com INT"]
[Date "2023.03.14"]
[Round "7"]
[White "Escalona Landi, Samid Eduardo"]
[Black "Petukhov, Dmitry"]
[Result "1-0"]
[WhiteElo "2218"]
[BlackElo "2350"]
[PlyCount "123"]
[EventDate "2023.03.14"]
[EventType "swiss (blitz)"]
[EventRounds "11"]
[EventCountry "USA"]
[SourceTitle "EXT 2024"]
[Source "ChessBase"]
[SourceDate "2023.10.10"]
[SourceVersion "1"]
[SourceVersionDate "2023.10.10"]
[SourceQuality "1"]

1. e4 c5 2. Nf3 d6 3. d4 cxd4 4. Nxd4 Nf6 5. Nc3 Nc6 6. Bg5 Bd7 7. Qd2 Rc8 8. f4 Nxd4 9. Qxd4 Qa5 10. e5 dxe5 11. fxe5 e6 12. 0-0-0 Bc6 13. Nb5 Bxb5 14. exf6 Bc6 15. h4 Bc5 16. Qc4 g6 17. h5 gxh5 18. Bd2 Qb6 19. Rxh5 a6 20. Qxc5 Qxc5 21. Rxc5 Rd8 22. Bh6 Rxd1+ 23. Kxd1 Rg8 24. Bg7 Kd7 25. Rh5 Be4 26. Bd3 Bg6 27. Bxg6 hxg6 28. Rh8 Rxh8 29. Bxh8 e5 30. Ke2 Ke6 31. Ke3 Kf5 32. c4 b6 33. b4 Ke6 34. Ke4 Kd6 35. g4 Ke6 36. Bg7 Kd6 37. Bf8+ Ke6 38. g5 a5 39. bxa5 bxa5 40. a4 Kd7 41. Kxe5 Kc6 42. Kd4 Kd7 43. Bc5 Kc6 44. Ba3 Kd7 45. Bc1 Kc6 46. Bd2 Kb6 47. Kd5 Ka6 48. Be3 Kb7 49. Kd6 Ka6 50. Ke7 Kb7 51. Kxf7 Ka6 52. Bd4 Kb7 53. Kxg6 Ka6 54. Kf5 Kb7 55. Ke6 Ka6 56. g6 Kb7 57. g7 Ka6 58. g8Q Kb7 59. f7 Ka6 60. f8Q Kb7 61. c5 Kc6 62. Qc8# 1-0

[Event "Titled Tuesday intern op 14th Mar Early"]
[Site "Chess.com INT"]
[Date "2023.03.14"]
[Round "5"]
[White "Escalona Landi, Samid Eduardo"]
[Black "Ruge, Edison"]
[Result "1-0"]
[WhiteElo "2218"]
[BlackElo "2201"]
[PlyCount "71"]
[EventDate "2023.03.14"]
[EventType "swiss (blitz)"]
[EventRounds "11"]
[EventCountry "USA"]
[SourceTitle "EXT 2024"]
[Source "ChessBase"]
[SourceDate "2023.10.10"]
[SourceVersion "1"]
[SourceVersionDate "2023.10.10"]
[SourceQuality "1"]

1. e4 e5 2. Nf3 Nc6 3. d4 exd4 4. Nxd4 Nf6 5. Nc3 Bb4 6. Nxc6 Bxc3+ 7. bxc3 bxc6 8. Bd3 d6 9. 0-0 0-0 10. Bg5 h6 11. Bh4 Re8 12. Re1 g5 13. Bg3 Nd7 14. e5 Nxe5 15. Bxe5 dxe5 16. Rxe5 Be6 17. Qh5 Qf6 18. Rae1 Kg7 19. h4 g4 20. Rg5+ Kf8 21. Ra5 Bd7 22. Qc5+ Kg7 23. Rf1 Qxh4 24. Qd4+ Kg8 25. Qxd7 g3 26. fxg3 Qe7 27. Qxe7 Rxe7 28. Rf6 Kg7 29. Rxc6 Rb8 30. Rxa7 Rb1+ 31. Kf2 Rd1 32. Rcxc7 Rd2+ 33. Kf3 Rxc7 34. Rxc7 Rd1 35. a4 Ra1 36. Ra7 1-0

[Event "Titled Tuesday intern op 14th Mar Late"]
[Site "Chess.com INT"]
[Date "2023.03.14"]
[Round "6"]
[White "Escalona Landi, Samid Eduardo"]
[Black "Yelisieiev, Yevhenii"]
[Result "0-1"]
[WhiteElo "2218"]
[BlackElo "2404"]
[PlyCount "26"]
[EventDate "2023.03.14"]
[EventType "swiss (blitz)"]
[EventRounds "11"]
[EventCountry "USA"]
[SourceTitle "EXT 2024"]
[Source "ChessBase"]
[SourceDate "2023.10.10"]
[SourceVersion "1"]
[SourceVersionDate "2023.10.10"]
[SourceQuality "1"]

1. Nf3 d6 2. d4 Nf6 3. Nc3 Nbd7 4. e4 e5 5. Bc4 Be7 6. 0-0 0-0 7. a4 a5 8. Re1 c6 9. b3 exd4 10. Qxd4 Ne5 11. Nxe5 dxe5 12. Qxe5 Ng4 13. Qg3 Bh4 0-1

[Event "Titled Tuesday intern op 14th Feb Early"]
[Site "Chess.com INT"]
[Date "2023.02.14"]
[Round "8"]
[White "Escalona Landi, Samid Eduardo"]
[Black "Jaskolka, Tomasz"]
[Result "0-1"]
[WhiteElo "2218"]
[BlackElo "2238"]
[PlyCount "110"]
[EventDate "2023.02.14"]
[EventType "swiss (blitz)"]
[EventRounds "11"]
[EventCountry "USA"]
[SourceTitle "CBM 212 Extra"]
[Source "ChessBase"]
[SourceDate "2023.03.31"]
[SourceVersion "1"]
[SourceVersionDate "2023.03.31"]
[SourceQuality "1"]

1. e4 c5 2. Nf3 e6 3. d4 cxd4 4. Bg5 f6 5. Bc1 e5 6. Bc4 Nc6 7. c3 Bc5 8. b4 Bb6 9. a4 a6 10. cxd4 Nxd4 11. 0-0 Ne7 12. Bb2 d5 13. exd5 Bg4 14. Nbd2 Nxd5 15. h3 Bxf3 16. Nxf3 Rc8 17. Rc1 Nf4 18. a5 Ba7 19. Nxd4 Bxd4 20. Bxd4 Qxd4 21. Qxd4 exd4 22. Rfd1 d3 23. Kf1 Ke7 24. g3 Nxh3 25. Bxd3 Ng5 26. f4 Nf7 27. Be4 Nd6 28. Bf3 Rxc1 29. Rxc1 Rd8 30. Kf2 Rd7 31. Re1+ Kf7 32. Bd5+ Kg6 33. Be6 Re7 34. f5+ Kg5 35. Rh1 Nxf5 36. Bxf5 Kxf5 37. Rxh7 Kg6 38. Rh8 Re4 39. b5 axb5 40. Rb8 Ra4 41. Rxb7 Rxa5 42. Kf3 Kh6 43. Kg4 Ra4+ 44. Kf5 Rb4 45. g4 Rb1 46. g5+ fxg5 47. Kg4 Rb4+ 48. Kf5 Rf4+ 49. Ke5 b4 50. Rb8 Kh5 51. Rg8 b3 52. Rxg7 Rb4 53. Rh7+ Kg4 54. Rh1 b2 55. Rb1 Kf3 0-1

[Event "Titled Tuesday intern op 14th Feb Early"]
[Site "Chess.com INT"]
[Date "2023.02.14"]
[Round "5"]
[White "Weisz, Bryan"]
[Black "Escalona Landi, Samid Eduardo"]
[Result "0-1"]
[WhiteElo "1953"]
[BlackElo "2218"]
[PlyCount "74"]
[EventDate "2023.02.14"]
[EventType "swiss (blitz)"]
[EventRounds "11"]
[EventCountry "USA"]
[SourceTitle "CBM 212 Extra"]
[Source "ChessBase"]
[SourceDate "2023.03.31"]
[SourceVersion "1"]
[SourceVersionDate "2023.03.31"]
[SourceQuality "1"]

1. e4 c5 2. Nf3 d6 3. d4 cxd4 4. Nxd4 Nf6 5. Nc3 Nc6 6. Bg5 Bd7 7. Bxf6 gxf6 8. g3 e6 9. Bg2 a6 10. 0-0 h5 11. Re1 Qb6 12. Nf5 Ne5 13. Qd4 Qxd4 14. Nxd4 Rc8 15. Rad1 h4 16. Nde2 Be7 17. b3 b5 18. f4 Ng4 19. Rd3 hxg3 20. hxg3 Bd8 21. Bf3 Bb6+ 22. Kf1 Ne3+ 23. Rxe3 Bxe3 24. Rd1 Ke7 25. f5 b4 26. fxe6 fxe6 27. Rd3 Ba7 28. Nd1 Rxc2 29. Nf4 Bb5 30. Ng6+ Kd7 31. Be2 Rh2 32. Nf4 Bxd3 33. Bxd3 Rc1 34. Ke1 Rh1+ 35. Bf1 Rxd1+ 36. Kxd1 Rxf1+ 37. Ke2 Ra1 0-1

[Event "Central America-ch 24th"]
[Site "San Salvador"]
[Date "2023.01.21"]
[Round "4"]
[White "Alfaro Caracas, William"]
[Black "Escalona Landi, Samid Eduardo"]
[Result "0-1"]
[WhiteElo "2091"]
[BlackElo "2235"]
[PlyCount "102"]
[EventDate "2023.01.21"]
[EventType "swiss"]
[EventRounds "11"]
[EventCountry "ESA"]
[SourceTitle "CBM 212 Extra"]
[Source "ChessBase"]
[SourceDate "2023.03.31"]
[SourceVersion "1"]
[SourceVersionDate "2023.03.31"]
[SourceQuality "1"]

1. d4 g6 2. Nf3 Bg7 3. c4 d6 4. g3 Nf6 5. Bg2 0-0 6. 0-0 c6 7. Nc3 Bf5 8. Re1 Ne4 9. Qb3 Nxc3 10. bxc3 Qb6 11. e4 Bg4 12. Bg5 Re8 13. Nd2 e5 14. d5 Na6 15. h3 Qxb3 16. axb3 Bd7 17. Be3 c5 18. Ra5 f5 19. Rc1 Nc7 20. b4 b6 21. Ra3 a5 22. bxc5 bxc5 23. Rb1 Ra7 24. Rb6 Bf8 25. f4 Na8 26. Rb2 a4 27. fxe5 dxe5 28. Bf3 Bd6 29. Kg2 Kg7 30. Bd1 Rc8 31. Bf2 Kf6 32. exf5 gxf5 33. g4 e4 34. gxf5 Rg8+ 35. Kh1 Bxf5 36. Bg4 Bxg4 37. Nxe4+ Ke5 38. Bg3+ Kxe4 39. Bxd6 Bf3+ 40. Kh2 Rag7 41. h4 Rg1 42. Kh3 Rh1+ 43. Bh2 Nb6 44. h5 Nxc4 45. Rxa4 Kxd5 46. Rf2 Rf1 47. Rxf1 Bg2+ 48. Kh4 Bxf1 49. Ra7 Ne3 50. Rd7+ Ke6 51. Rd6+ Ke7 0-1

[Event "Central America-ch 24th"]
[Site "San Salvador"]
[Date "2023.01.21"]
[Round "5"]
[White "Escalona Landi, Samid Eduardo"]
[Black "Araujo Sanchez, Josue"]
[Result "0-1"]
[WhiteElo "2235"]
[BlackElo "2203"]
[PlyCount "109"]
[EventDate "2023.01.21"]
[EventType "swiss"]
[EventRounds "11"]
[EventCountry "ESA"]
[SourceTitle "CBM 212 Extra"]
[Source "ChessBase"]
[SourceDate "2023.03.31"]
[SourceVersion "1"]
[SourceVersionDate "2023.03.31"]
[SourceQuality "1"]

1. Nf3 c5 2. e4 d6 3. Bb5+ Bd7 4. Bxd7+ Qxd7 5. c4 Nc6 6. Nc3 Nf6 7. 0-0 e6 8. d4 cxd4 9. Nxd4 Be7 10. Be3 0-0 11. b3 Rfc8 12. Rc1 Qd8 13. Qe2 a6 14. Rfd1 Qa5 15. a4 Nxd4 16. Bxd4 Qb4 17. Qc2 Nd7 18. Na2 Qa5 19. Qb2 Bf8 20. Nc3 Ne5 21. f3 Nc6 22. Bf2 Qg5 23. Bg3 h5 24. Qd2 Qc5+ 25. Kh1 Rd8 26. Ne2 Rac8 27. Nf4 Qg5 28. Bf2 g6 29. Be3 Qe7 30. a5 Bg7 31. Bb6 Rd7 32. b4 Ne5 33. Qe2 Bh6 34. Be3 Bf8 35. Bb6 h4 36. Rc2 Bg7 37. Rdc1 Nc6 38. Qd2 Ne5 39. Nh3 f5 40. exf5 gxf5 41. Be3 d5 42. cxd5 Rxc2 43. Qxc2 Rxd5 44. Nf4 Rd7 45. Bc5 Qe8 46. Re1 Kf7 47. Qf2 Bf6 48. Qe2 Bg7 49. Qf2 Bf6 50. Qe2 Bg7 51. Bf2 Qe7 52. b5 Qb4 53. Qa2 Qxf4 54. bxa6 bxa6 55. Be3 0-1

[Event "Central America-ch 24th"]
[Site "San Salvador"]
[Date "2023.01.21"]
[Round "3"]
[White "Escalona Landi, Samid Eduardo"]
[Black "Arvelo Leo, Gian Carlo"]
[Result "1-0"]
[WhiteElo "2235"]
[BlackElo "2083"]
[PlyCount "81"]
[EventDate "2023.01.21"]
[EventType "swiss"]
[EventRounds "11"]
[EventCountry "ESA"]
[SourceTitle "CBM 212 Extra"]
[Source "ChessBase"]
[SourceDate "2023.03.31"]
[SourceVersion "1"]
[SourceVersionDate "2023.03.31"]
[SourceQuality "1"]

1. Nf3 c5 2. g3 Nc6 3. c4 g6 4. Bg2 Bg7 5. Nc3 a6 6. 0-0 Rb8 7. d3 Nf6 8. e4 d6 9. h3 0-0 10. Be3 b5 11. Qd2 Qa5 12. Rfc1 Re8 13. b3 b4 14. Ne2 Bb7 15. Nh2 e6 16. Rab1 Nd7 17. f4 Nd4 18. Nxd4 cxd4 19. Bf2 Nc5 20. Nf3 e5 21. Nh4 Qd8 22. f5 Bf6 23. fxg6 hxg6 24. Rf1 Kg7 25. Qe2 Bc8 26. Nf3 Rh8 27. g4 Ne6 28. Bg3 g5 29. Rfc1 Bd7 30. c5 Nf4 31. Bxf4 gxf4 32. cxd6 Rb6 33. Rc5 Re8 34. Rd5 Bc6 35. d7 Rh8 36. g5 Bxg5 37. Rxe5 f6 38. Nxg5 Bxd7 39. Rd5 fxg5 40. Qf2 Qe7 41. Qxd4+ 1-0

[Event "Central America-ch 24th"]
[Site "San Salvador"]
[Date "2023.01.21"]
[Round "11"]
[White "Escalona Landi, Samid Eduardo"]
[Black "Baules Rodriguez, Jorge Luis"]
[Result "0-1"]
[WhiteElo "2235"]
[BlackElo "2328"]
[PlyCount "74"]
[EventDate "2023.01.21"]
[EventType "swiss"]
[EventRounds "11"]
[EventCountry "ESA"]
[SourceTitle "CBM 212 Extra"]
[Source "ChessBase"]
[SourceDate "2023.03.31"]
[SourceVersion "1"]
[SourceVersionDate "2023.03.31"]
[SourceQuality "1"]

1. Nf3 Nf6 2. b3 g6 3. Bb2 Bg7 4. g3 0-0 5. Bg2 d5 6. c4 c6 7. 0-0 Bg4 8. d3 Re8 9. Nbd2 a5 10. a3 Nbd7 11. h3 Bxf3 12. Nxf3 e6 13. Qc2 Qe7 14. Ne5 Nxe5 15. Bxe5 Nd7 16. Bxg7 Kxg7 17. h4 h5 18. d4 Qf6 19. e3 Rec8 20. Qe2 a4 21. b4 dxc4 22. Qxc4 e5 23. Rad1 exd4 24. Rxd4 Rd8 25. Rfd1 Ne5 26. Qc2 Rxd4 27. Rxd4 Rd8 28. Qd1 Rxd4 29. Qxd4 b5 30. Kf1 Nc4 31. Bxc6 Qxd4 32. exd4 Nxa3 33. d5 Kf6 34. d6 Ke6 35. Bd5+ Kxd6 36. Bxf7 Nc4 37. Bxg6 a3 0-1

[Event "Olympiad-44"]
[Site "Chennai"]
[Date "2022.08.03"]
[Round "6.3"]
[White "Escalona Landi, Samid Eduardo"]
[Black "Salinas Herrera, Pablo Patricio"]
[Result "1-0"]
[WhiteElo "2191"]
[BlackElo "2526"]
[PlyCount "53"]
[EventDate "2022.07.29"]
[EventType "team-swiss"]
[EventRounds "11"]
[EventCountry "IND"]
[SourceTitle "CBM 210"]
[Source "ChessBase"]
[SourceDate "2022.10.31"]
[SourceVersion "1"]
[SourceVersionDate "2022.10.31"]
[SourceQuality "1"]
[WhiteTeam "Venezuela"]
[BlackTeam "Chile"]
[WhiteTeamCountry "VEN"]
[BlackTeamCountry "CHI"]

1. Nf3 Nf6 2. g3 d5 3. c4 e6 4. b3 d4 5. Bg2 c5 6. e3 Nc6 7. exd4 cxd4 8. 0-0 Be7 9. Re1 0-0 10. d3 Nd7 11. Ba3 e5 12. b4 Bxb4 13. Bxb4 Nxb4 14. Nxe5 Nxe5 15. Rxe5 Qd6 16. Rb5 Re8 17. Nd2 Nc6 18. Ne4 Qe7 19. c5 Qc7 20. Rab1 Nd8 21. Nd6 Re5 22. Qa4 a6 23. Qxd4 Re7 24. R5b2 Ne6 25. Qd5 Qxc5 26. Qxc5 Nxc5 27. Rc2 1-0